Hace falta estar ciego : (Record no. 67309)

MARC details
000 -LEADER
campo de control de longitud fija 01320nam a2200325 i 4500
001 - NÚMERO DE CONTROL
campo de control 67309
003 - IDENTIFICADOR DE NÚMERO DE CONTROL
campo de control ES-MaACL
005 - FECHA Y HORA DE LA ÚLTIMA TRANSACCIÓN
campo de control 20250825055154.0
007 - CAMPO FIJO DE DESCRIPCIÓN FÍSICA--INFORMACIÓN GENERAL
campo de control de longitud fija t|
008 - DATOS DE LONGITUD FIJA--INFORMACIÓN GENERAL
campo de control de longitud fija 040518s2003 sp |||| |bspa d
020 ## - NÚMERO INTERNACIONAL ESTÁNDAR DEL LIBRO
Número Internacional Estándar del Libro 84-7522-912-3
080 ## - NÚMERO DE LA CLASIFICACIÓN DECIMAL UNIVERSAL
Número de la Clasificación Decimal Universal 929 Alberti, Rafael
080 ## - NÚMERO DE LA CLASIFICACIÓN DECIMAL UNIVERSAL
Número de la Clasificación Decimal Universal 82-16.09"19"(082.2)
245 00 - MENCIÓN DEL TÍTULO
Título Hace falta estar ciego :
Resto del título poéticas del compromiso para el siglo XXI /
Mención de responsabilidad, etc. José M. Mariscal, Carlos Pardo (eds.) ; prólogo de Luis García Montero ; epílogo de Juan Carlos Rodríguez.
260 ## - PUBLICACIÓN, DISTRIBUCIÓN, ETC.
Lugar de publicación, distribución, etc. Madrid :
Nombre del editor, distribuidor, etc. Visor Libros,
Fecha de publicación, distribución, etc. [2003]
300 ## - DESCRIPCIÓN FÍSICA
Extensión 127 p. ;
Dimensiones 22 cm.
490 1# - MENCIÓN DE SERIE
Mención de serie Visor literario ;
Designación de volumen o secuencia 8
500 ## - NOTA GENERAL
Nota general Índice disponible en Dialnet.
600 14 - PUNTO DE ACCESO ADICIONAL DE MATERIA--NOMBRE DE PERSONA
Nombre de persona Alberti, Rafael,
Fechas asociadas al nombre 1902-1999-
Subdivisión general Homenajes
9 (RLIN) 19348
650 #4 - PUNTO DE ACCESO ADICIONAL DE MATERIA--TÉRMINO DE MATERIA
Término de materia o nombre geográfico como elemento de entrada Poesía política-
Subdivisión cronológica S.XX.
9 (RLIN) 172422
700 1# - ENTRADA AGREGADA--NOMBRE PERSONAL
Nombre de persona Mariscal, José M.
9 (RLIN) 76889
700 1# - ENTRADA AGREGADA--NOMBRE PERSONAL
Nombre de persona Pardo, Carlos,
Fechas asociadas al nombre 1919-2004
9 (RLIN) 88960
700 1# - ENTRADA AGREGADA--NOMBRE PERSONAL
Nombre de persona García Montero, Luis,
Fechas asociadas al nombre 1958-
9 (RLIN) 54978
700 1# - ENTRADA AGREGADA--NOMBRE PERSONAL
Nombre de persona Rodríguez, Juan Carlos,
Fechas asociadas al nombre 1944-
9 (RLIN) 161726
830 1# - PUNTO DE ACCESO ADICIONAL DE SERIE-TÍTULO UNIFORME
Título uniforme Visor literario ;
Designación de volumen o secuencia 8
9 (RLIN) 182437
852 4# - LOCALIZACIÓN
Ubicación ES-MaACL
Número de control de estantería L-27512
Ubicación en estantería Depósito 2
Nota libre Revisado enlace: 21 de julio de 2025
856 4# - LOCALIZACIÓN Y ACCESO ELECTRÓNICOS
Identificador Uniforme de Recursos <a href="https://rebiunoda.pro.baratznet.cloud:28443/OpacDiscovery/public/catalog/detail/b2FpOmNlbGVicmF0aW9uOmVzLmJhcmF0ei5yZW4vMjg2NjA2Ng">https://rebiunoda.pro.baratznet.cloud:28443/OpacDiscovery/public/catalog/detail/b2FpOmNlbGVicmF0aW9uOmVzLmJhcmF0ei5yZW4vMjg2NjA2Ng</a>
Texto de enlace Rebiun
942 ## - ELEMENTOS DE ENTRADA SECUNDARIOS (KOHA)
Fuente del sistema de clasificación o colocación Clasificación decimal universal
Holdings
Estatus retirado Estado de pérdida Estado de daño No para préstamo Colección Biblioteca de origen Biblioteca actual Ubicación en estantería Fecha de adquisición Fuente de adquisición Total de préstamos Signatura topográfica completa Código de barras Visto por última vez Precio de reemplazo Tipo de ítem Koha
        Colección digital Biblioteca del Ateneo de Madrid Biblioteca del Ateneo de Madrid Depósito 2 17/01/2008     L-27512 1070487 23/02/2023 23/02/2023 Libro impreso